Alanyaspor Squad 2023-2024 - Statistics

General Stats
  • This quiz has been taken 17 times
    10 since last reset
  • The average score is 14 of 34
Answer Stats
# Position Nation Player % Correct
7 FW Turkey Efecan Karaca
80%
- Coach Turkey Fatih Tekke
80%
16 FW South Korea Ui-jo Hwang
80%
9 FW Egypt Ahmed Hassan
70%
9 FW Venezuela Sergio Córdova
70%
29 DF Slovenia Jure Balkovec
60%
11 FW Turkey Oğuz Aydın
60%
88 DF Turkey Yusuf Özdemir
60%
1 GK Turkey Ertuğrul Taşkıran
50%
94 DF Kosovo Florent Hadergjonaj
50%
4 DF Turkey Furkan Bayır
50%
8 MF Netherlands Leroy Fer
50%
27 DF Angola Loide Augusto
50%
17 MF France Nicolas Janvier
50%
2 DF Portugal Nuno Lima
50%
25 MF Brazil Richard
50%
28 FW Brazil Carlos Eduardo
40%
20 DF Turkey Fatih Aksoy
40%
5 DF Kosovo Fidan Aliti
40%
18 FW Denmark Pione Sisto
40%
33 FW Brazil Anderson Silva
30%
81 MF Turkey Buluthan Bulut
30%
10 MF Portugal João Novais
30%
- Coach Turkey Ömer Erdoğan
30%
23 FW Turkey Onur Demir
30%
35 GK Turkey Yavuz Aygün
30%
99 GK Turkey Yusuf Karagöz
30%
21 MF Turkey Emirhan Çavuş
20%
82 DF Turkey Eray Güneş
20%
26 MF Turkey Eren Altıntaş
20%
80 DF Turkey Eren Berberoğlu
20%
61 DF Turkey Emre Bekir
10%
37 MF Turkey Mert Yusuf Torlak
10%
42 DF Turkey Yunus Bahadır
10%
No matching quizzes found
Score Distribution
Percent of People with Each Score
Percentile by Number Answered
Your Score History
You have not taken this quiz since the last reset